| 000 | 00397nam a22001697a 4500 | ||
|---|---|---|---|
| 003 | CEME | ||
| 005 | 20210628202613.0 | ||
| 008 | 210316b xxu||||| |||| 00| 0 eng d | ||
| 020 | _a0-87692-688-1 | ||
| 040 | _c. | ||
| 082 | _a629.8 KUO'A | ||
| 100 |
_aKuo, B. C _959960 |
||
| 245 | _aAutmatic Control Systems | ||
| 260 |
_aNEWDELHI _bPRENTICE HALL _c1991 |
||
| 300 | _a760P | ||
| 942 |
_cBK _2ddc |
||
| 999 |
_c570361 _d570361 |
||